| 000 | 02424cam a22002174a 4500 | ||
|---|---|---|---|
| 005 | 20250605163952.0 | ||
| 008 | 250528s ||||||||||||||||||||||||d | ||
| 035 | _a15410 | ||
| 020 | _a002946501X | ||
| 040 |
_aGR-AtMCL _bgre _dGR-AtMCL _eAACR2 |
||
| 245 | 1 | _aOperations Research / An Introduction: Fifth Edition | |
| 250 | _a5th | ||
| 260 |
_bMacmillan Publishing Company, _c1992 |
||
| 300 | _a824 | ||
| 505 | 0 | _aDecision Making in Operations Research, Mathematical Prgramming, Linear Programming: Formulations and Graphical Solutions, Linear Programming: The Simplex Method, Linear Programming: Revised Simplex Method, Linear Programming: Duality and Sensitivity and Parametric Analysis, Linear Programming: Transportation Model, Linear Programming: Additional Topics, Network Models, Integer Linear Programming, Dynamic (Multistage) Programming, Probabilistic Models, Data Representation Operations Research, Decision Theory and Games, Project Scheduling by PERT-CPM, Inventory Models, Queueing Models, Queueing Theory in Practice, Simulation Modelling with SIMNET II, Simulation Modeling with SIMNET II, Markovian Decision Process, Nonlinear Programming, Classical Optimization Theory, Nonlinear Programming Algorithms, Appendixes, Review of Vectors and Matrices, Software (TOPA and SIMNET II) Installation and Execution, Answers to Selected Problems, Index. | |
| 520 | _aDecision Making in Operations Research, Mathematical Prgramming, Linear Programming: Formulations and Graphical Solutions, Linear Programming: The Simplex Method, Linear Programming: Revised Simplex Method, Linear Programming: Duality and Sensitivity and Parametric Analysis, Linear Programming: Transportation Model, Linear Programming: Additional Topics, Network Models, Integer Linear Programming, Dynamic (Multistage) Programming, Probabilistic Models, Data Representation Operations Research, Decision Theory and Games, Project Scheduling by PERT-CPM, Inventory Models, Queueing Models, Queueing Theory in Practice, Simulation Modelling with SIMNET II, Simulation Modeling with SIMNET II, Markovian Decision Process, Nonlinear Programming, Classical Optimization Theory, Nonlinear Programming Algorithms, Appendixes, Review of Vectors and Matrices, Software (TOPA and SIMNET II) Installation and Execution, Answers to Selected Problems, Index. | ||
| 700 | 1 |
_aTaha Hamdy A _91331 |
|
| 942 | _cBK | ||
| 999 |
_c992 _d992 |
||